000 00320nam a2200109 a 4500
005 20200930070623.0
008 110914s1837 000 spa d
100 _aJ. Brown, M. D.
_959356
245 0 _aThe history and present condition of St. Domingo.
260 _aPhiladelphia, Estados Unidos,
_c1837.
999 _c33404
_d33404
040 _aDO-SdBNP